000 00467nam a2200193 a 4500
001 2563
003 CO-ViMGA
008 141112s2004 ck r 000 u spa d
040 _aCO-ViMGA
_bspa
_cCO-ViMGA
082 0 4 _a745.5 H145
100 1 _aHahn, Ángelika
245 1 0 _aAdornos personales
260 _aBarcelona :
_bCeac,
_c1990
300 _a31 p : il
490 _aHobby creativo
650 1 4 _aADORNOS
_95011
650 1 4 _aARTESANIAS
_94191
942 _2ddc
_cBK
999 _c14640
_d14640